Libreville Airport Destinations - Statistics

General Stats
  • This quiz has been taken 28 times
  • The average score is 14 of 18
Answer Stats
Country City % Correct
France Paris
96%
Morocco Casablanca
91%
South Africa Johannesburg
91%
Nigeria Lagos
91%
Angola Luanda
91%
Ivory Coast Abidjan
87%
Ethiopia Addis Ababa
87%
Turkey Istanbul
87%
Cameroon Yaoundé
87%
Mali Bamako
83%
Republic of the Congo Brazzaville
78%
Rwanda Kigali
78%
Togo Lomé
78%
São Tomé & Príncipe São Tomé
78%
Cameroon Douala
74%
Benin Cotonou
61%
Republic of the Congo Pointe-Noire
39%
Gabon Port-Gentil
35%
No matching quizzes found
Score Distribution
Percent of People with Each Score
Percentile by Number Answered
Your Score History
You have not taken this quiz